000 00550nam a2200181Ia 4500
008 100920s9999 xx 000 0 und d
082 _b108106
_a891.464 न 00
100 _aगोडबोले अरुण.
245 _aअक्षर रंग.
260 _bकौशिक प्रकाशन,सातारा.
_c2000
300 _a138
_bसाधी
365 _b72
520 _aनिबंध.
630 _aअक्षर रंग.
650 _aनिबंध.
730 _aअक्षर रंग.
942 _cBOOK
999 _c748530
_d748527